000
00337 a2200157 4500
001
184153
020
_a
040
_c
Magnum
100
_a
Vieira, Thereza Freire
240
1
0
_a
Tuti e a pitanga voadora
_l
por
245
1
0
_a
Tuti e a pitanga voadora
300
_a
56
362
0
_a
1994
697
_a
LITERATURA JUVENIL
942
_c
BK
999
_c
184153
_d
184153